[Event "Canovelles op-B"]
[Site "Canovelles"]
[Date "1999.??.??"]
[Round "9"]
[White "Cardenas Perea, J."]
[Black "Dorado Dominguez, F."]
[Result "0-1"]
[WhiteElo "1700"]
[BlackElo "1700"]
[PlyCount "44"]
[EventDate "1999.??.??"]
[EventType "swiss"]
[EventRounds "9"]
[EventCountry "ESP"]
[SourceTitle "EXT 2000"]
[Source "ChessBase"]
[SourceDate "1999.11.16"]
[SourceVersion "1"]
[SourceVersionDate "1999.11.16"]
[SourceQuality "1"]

1. e4 e5 2. Nf3 Bc5 3. Nxe5 Qf6 4. f3 Qxe5 5. Nc3 b6 6. b3 Qd4 7. Qe2 Ba6 8. Bb2 Bxe2 9. Nxe2 Qxb2 10. Rc1 Nc6 11. c3 Nf6 12. Kd1 0-0-0 13. Rc2 Qa1+ 14. Nc1 Ba3 15. Ba6+ Kb8 16. g4 d5 17. g5 Nh5 18. Re1 Nf4 19. Re3 d4 20. cxd4 Qxd4 21. Bb5 Qxe3 22. Bxc6 Qg1# 0-1

[Event "Canovelles op-B"]
[Site "Canovelles"]
[Date "1999.??.??"]
[Round "5"]
[White "Cardenas Perea, J."]
[Black "Esteras Sanz, Josep F"]
[Result "0-1"]
[WhiteElo "1700"]
[BlackElo "1755"]
[PlyCount "54"]
[EventDate "1999.??.??"]
[EventType "swiss"]
[EventRounds "9"]
[EventCountry "ESP"]
[SourceTitle "EXT 2000"]
[Source "ChessBase"]
[SourceDate "1999.11.16"]
[SourceVersion "1"]
[SourceVersionDate "1999.11.16"]
[SourceQuality "1"]

1. e4 e5 2. Nf3 Nc6 3. c3 f5 4. exf5 d5 5. d4 Bd6 6. g3 Bxf5 7. Bg2 Bg4 8. 0-0 e4 9. Qe2 Qf6 10. Nbd2 Nge7 11. b4 exf3 12. Bxf3 Bxf3 13. Nxf3 0-0 14. c4 Rae8 15. c5 Nf5 16. Be3 Nfxd4 17. Nxd4 Nxd4 18. Qd3 Be5 19. f4 Nf3+ 20. Kg2 Nh4+ 21. gxh4 Bxa1 22. Qxd5+ Kh8 23. Qxb7 Rxe3 24. c6 Qg6+ 25. Kf2 Bd4 26. Qxc7 Qc2+ 27. Kg1 Re2+ 0-1